000 00856nam a2200277Ia 4500
005 20220316235258.0
008 121119s1999 sp gr 000 f spa
020 _a8423309223
041 0 _aspa
100 1 _aOrwell, George,
_d1903-1950
245 1 0 _aRebelión en la granja
_cGeorge Orwell ; traducción de Rafael Abella
250 _aVigésima séptima edición
264 1 _aBarcelona
_bDestino
_c1999
300 _a186 páginas
_c18 cm.
336 _atexto
_btxt
_2rdacontent
337 _asin mediación
_bn
_2rdamedia
338 _avolumen
_bnc
_2rdacarrier
490 0 _aDestinolibro
650 1 4 _2LEMB
_aNovela inglesa
_ySiglo XX
650 1 4 _2LEMB
_aLiteratura inglesa
650 1 4 _2LEMB
_aAnimales
_vNovela
700 1 _aAbella, Rafael
_etraductor
_962535
942 _2loc
_cBKLIT
040 _aCO-BoRNBP
_bspa
_erda
_cCO-BoRNBP
084 _aN ORW1
999 _c471
_d471